[Event "Mecklenburg VP-ch U12"]
[Site "Malchow"]
[Date "2014.02.02"]
[Round "3"]
[White "Wolfgramm, Egon"]
[Black "Mauser, Tarik Gino"]
[Result "1-0"]
[WhiteElo "819"]
[BlackElo "838"]
[PlyCount "57"]
[EventDate "2014.02.01"]
[EventType "swiss"]
[EventRounds "7"]
[EventCountry "GER"]
[SourceTitle "EXT 2017"]
[Source "ChessBase"]
[SourceDate "2016.10.25"]
[SourceVersion "1"]
[SourceVersionDate "2016.10.25"]
[SourceQuality "1"]

1. d4 d5 2. Bf4 Nf6 3. Nf3 Bg4 4. Nbd2 Nc6 5. e3 e6 6. Bd3 Bb4 7. 0-0 Bd6 8. c3 Bxf4 9. exf4 Bf5 10. Be2 Ng4 11. h3 Nh6 12. h4 Ng4 13. Re1 Qd6 14. g3 Be4 15. Nh2 Nh6 16. Bc4 Na5 17. b3 Nxc4 18. bxc4 c6 19. c5 Qe7 20. Nxe4 dxe4 21. Rxe4 f5 22. Re5 b6 23. Qe1 bxc5 24. Rxe6 Qxe6 25. Qxe6+ Kd8 26. Rb1 Ng4 27. Nxg4 fxg4 28. Rb7 Re8 29. Qd7# 1-0

[Event "Mecklenburg VP-ch U12"]
[Site "Malchow"]
[Date "2014.02.01"]
[Round "1"]
[White "Lange, Jannis"]
[Black "Mauser, Tarik Gino"]
[Result "1-0"]
[WhiteElo "1205"]
[BlackElo "838"]
[PlyCount "63"]
[EventDate "2014.02.01"]
[EventType "swiss"]
[EventRounds "7"]
[EventCountry "GER"]
[SourceTitle "EXT 2017"]
[Source "ChessBase"]
[SourceDate "2016.10.25"]
[SourceVersion "1"]
[SourceVersionDate "2016.10.25"]
[SourceQuality "1"]

1. e4 e5 2. Nf3 Nc6 3. Bb5 Bc5 4. c3 d6 5. d4 exd4 6. cxd4 Bb4+ 7. Nc3 Qe7 8. 0-0 Qf6 9. Nd5 Qg6 10. Nxb4 Bh3 11. Ng5 Bd7 12. Nxc6 bxc6 13. Bd3 Nf6 14. e5 Bf5 15. Bxf5 Qxf5 16. exf6 gxf6 17. Re1+ Kf8 18. Nf3 Rg8 19. Bh6+ Rg7 20. Bxg7+ Kxg7 21. Rc1 Rg8 22. Qc2 Qg4 23. Re4 Qh5 24. Rh4 Qd5 25. Rg4+ Kh8 26. Rxg8+ Kxg8 27. Qxc6 Qa5 28. Qxc7 Qa4 29. h3 Qxa2 30. Nh4 a5 31. Nf5 Qxb2 32. Qc8# 1-0